[Event "Frankfurt Ch 2009"]
[Site "Ffm-Kalbach, LAZ"]
[Date "2009.04.27"]
[Round "1.28"]
[White "Jordake, Michael"]
[Black "Schneider, Uwe"]
[Result "0-1"]
[WhiteElo "1640"]
[BlackElo "2010"]
[PlyCount "78"]
[EventDate "2009.??.??"]
[WhiteTeam "SC Bergen-Enkheim 1922"]
[BlackTeam "SV Kinzigtal"]

1. e4 d5 2. exd5 Nf6 3. Bb5+ Bd7 4. Bc4 Bg4 5. f3 Bf5 6. g4 Bc8 7. Nc3 Nbd7 8.
g5 Nb6 9. Bb5+ Nfd7 10. f4 a6 11. Ba4 Nxa4 12. Nxa4 b5 13. Nc3 Nb6 14. Nf3 Nxd5
15. Nxd5 Qxd5 16. Qe2 g6 17. d4 Bg7 18. c3 O-O 19. Rf1 Bg4 20. Qg2 Bf5 21. Nh4
Be4 22. Qg3 e6 23. Nf3 c5 24. Be3 b4 25. Ne5 bxc3 26. bxc3 cxd4 27. Bxd4 Rac8
28. Qe3 Rfd8 29. Rf2 Bf5 30. Rc1 Rb8 31. Qf3 Be4 32. Qe3 Bf5 33. Qf3 Bf8 34.
Rd1 Qxf3 35. Rxf3 Rb7 36. Rf2 Rdb8 37. Rfd2 Ba3 38. c4 Bb4 39. Nd7 Rxd7 0-1

[Event "Frankfurt Ch 2009"]
[Site "Ffm-Kalbach, LAZ"]
[Date "2009.04.27"]
[Round "1.29"]
[White "Koch, Markus"]
[Black "Fischer, Ulrich"]
[Result "1-0"]
[WhiteElo "2008"]
[BlackElo "1672"]
[PlyCount "89"]
[EventDate "2009.??.??"]
[WhiteTeam "SC Brett vor'm Kopp Ffm"]
[BlackTeam "Frankfurter TV 1860"]

1. Nf3 d5 2. c4 e6 3. g3 Nf6 4. Bg2 Be7 5. O-O O-O 6. d4 c5 7. cxd5 exd5 8. Nc3
Nc6 9. Bg5 cxd4 10. Nxd4 h6 11. Bf4 Bg4 12. h3 Be6 13. Rc1 Qd7 14. Kh2 Rfe8 15.
e4 Rad8 16. e5 Nh7 17. Re1 Nxd4 18. Qxd4 b6 19. b4 f6 20. g4 fxe5 21. Bxe5 Bf6
22. f4 Bxe5 23. Rxe5 Nf6 24. Kh1 Rc8 25. Rd1 Rc4 26. Qd2 d4 27. Ne4 Rd8 28.
Nxf6+ gxf6 29. Rh5 d3 30. Qe3 Bf7 31. Rxh6 Bd5 32. Rxd3 Bxg2+ 33. Kh2 Bd5 34.
Rxf6 Re8 35. Qf2 Rc1 36. Rf5 Rh1+ 37. Kg3 Ree1 38. Rg5+ Kf8 39. Rdxd5 Rhg1+ 40.
Kh4 Qe7 41. Qd4 Qh7+ 42. Rh5 Qe7+ 43. Rdg5 Rxg4+ 44. Kxg4 Qe6+ 45. Rf5+ 1-0

[Event "Frankfurt Ch 2009"]
[Site "Ffm-Kalbach, LAZ"]
[Date "2009.04.27"]
[Round "1.30"]
[White "Smith-Meyer, Geir"]
[Black "Kreiling, Carsten"]
[Result "1/2-1/2"]
[WhiteElo "1627"]
[BlackElo "2114"]
[PlyCount "68"]
[EventDate "2009.??.??"]
[WhiteTeam "SC Bad Soden"]
[BlackTeam "SVG Eppstein 1932"]

1. d4 Nf6 2. Bf4 c5 3. e3 e6 4. Nd2 Nc6 5. c3 d5 6. Bd3 Bd6 7. Bxd6 Qxd6 8.
Ngf3 O-O 9. a4 e5 10. dxe5 Nxe5 11. Nxe5 Qxe5 12. Nf3 Qe7 13. O-O Ne4 14. Nd2
f5 15. Nxe4 fxe4 16. Be2 Qe5 17. Bg4 Bxg4 18. Qxg4 Rf5 19. Qg3 Qf6 20. Rad1 Rf8
21. Rd2 Qc6 22. Ra1 Qf6 23. Rf1 Qc6 24. Ra1 h6 25. h3 Kh7 26. Rad1 c4 27. Qh4
Qe6 28. Qg4 Qf7 29. Qg3 b6 30. a5 b5 31. Rf1 Qe7 32. Rfd1 Qf7 33. Rf1 Qe7 34.
Rfd1 Qf7 1/2-1/2

[Event "Frankfurt Ch 2009"]
[Site "Ffm-Kalbach, LAZ"]
[Date "2009.04.27"]
[Round "1.31"]
[White "Rosa, Mike"]
[Black "Krischak, Werner"]
[Result "1-0"]
[WhiteElo "2119"]
[BlackElo "1627"]
[PlyCount "97"]
[EventDate "2009.??.??"]
[WhiteTeam "Chess Tigers SFV"]
[BlackTeam "SK Marburg 1931/72"]

1. e4 c6 2. d4 d5 3. e5 Bf5 4. h4 h6 5. g4 Bd7 6. h5 e6 7. f4 c5 8. Be3 Nc6 9.
dxc5 Qa5+ 10. c3 d4 11. Bxd4 Nxd4 12. Qxd4 Bxc5 13. Qd2 Qb6 14. Nh3 O-O-O 15.
Qc2 Ne7 16. Nd2 Nd5 17. Nc4 Qc7 18. b4 Ne3 19. Nxe3 Bxe3 20. b5 Kb8 21. a4 Bc8
22. Bd3 Rd5 23. Ke2 Rc5 24. Kxe3 Rxc3 25. Qd2 Qc5+ 26. Ke2 Rd8 27. Rac1 Rdxd3
28. Qxd3 Rxc1 29. Rxc1 Qxc1 30. Nf2 Qb2+ 31. Kf3 Qb4 32. Ne4 b6 33. Qd6+ Qxd6
34. Nxd6 Bb7+ 35. Ke3 Bd5 36. Nxf7 Bb3 37. Nd6 Bd1 38. f5 exf5 39. gxf5 Bxh5
40. f6 gxf6 41. exf6 Kc7 42. f7 Bxf7 43. Nxf7 h5 44. Kf4 Kd7 45. Ke5 h4 46. Ng5
Kc7 47. Kd5 Kb7 48. Kd6 a6 49. Kd7 1-0

[Event "Frankfurt Ch 2009"]
[Site "Ffm-Kalbach, LAZ"]
[Date "2009.04.27"]
[Round "1.32"]
[White "Milde, Dieter"]
[Black "Marzahn, Heiko"]
[Result "0-1"]
[WhiteElo "1625"]
[BlackElo "1985"]
[PlyCount "78"]
[EventDate "2009.??.??"]
[WhiteTeam "Bad Vilbeler Sfr.1985"]
[BlackTeam "Sfr.Erbach"]

1. d4 Nf6 2. Nf3 g6 3. Nbd2 Bg7 4. e4 d6 5. Bc4 O-O 6. O-O Nc6 7. c3 e5 8. d5
Ne7 9. Re1 Kh8 10. Nf1 Nh5 11. Bd3 f5 12. Ng3 f4 13. Nxh5 gxh5 14. Ng5 Qe8 15.
Be2 Qg6 16. Ne6 Bxe6 17. Bxh5 Qh6 18. dxe6 Qxe6 19. Qb3 Qh6 20. Bg4 Qg5 21. Bh3
Rf6 22. Qxb7 Rg8 23. Kh1 Rh6 24. Rg1 Rxh3 25. gxh3 Qh5 26. Bd2 Qf3+ 27. Rg2 Bf8
28. Rag1 Ng6 29. Qb3 Qxe4 30. Qd1 Qb7 31. Qh5 Rg7 32. f3 Kg8 33. Bc1 e4 34.
fxe4 Qxe4 35. Qe2 Qf5 36. Qg4 Qd5 37. Bxf4 Ne5 38. Qd1 Nd3 39. Qd2 Qf3 {ZÜ} 0-1

[Event "Frankfurt Ch 2009"]
[Site "Ffm-Kalbach, LAZ"]
[Date "2009.04.27"]
[Round "1.33"]
[White "Richter, Tobias"]
[Black "Kohlmeyer, Klaus"]
[Result "1-0"]
[WhiteElo "2099"]
[BlackElo "1813"]
[PlyCount "41"]
[EventDate "2009.??.??"]
[WhiteTeam "SV Merseburg e. V."]
[BlackTeam "Sfr. Braunfels e.V."]

1. e4 c5 2. Nf3 Nc6 3. Bb5 a6 4. Bxc6 dxc6 5. O-O Bg4 6. h3 Bxf3 7. Qxf3 e5 8.
d3 g6 9. Be3 b6 10. Nd2 Bg7 11. a4 a5 12. Ra3 Qc7 13. Rb3 Nf6 14. Nc4 Nd7 15.
Qg3 O-O 16. f4 f5 17. fxe5 fxe4 18. Bf4 Rxf4 19. Qxf4 Nxe5 20. Nxb6 e3 21. Nxa8
1-0

[Event "Frankfurt Ch 2009"]
[Site "Ffm-Kalbach, LAZ"]
[Date "2009.04.27"]
[Round "1.34"]
[White "Popp, Matthias"]
[Black "Syed, Tareq"]
[Result "0-1"]
[WhiteElo "1591"]
[BlackElo "2118"]
[PlyCount "70"]
[EventDate "2009.??.??"]
[WhiteTeam "SC Bergen-Enkheim 1922"]
[BlackTeam "SC Brett vor'm Kopp Ffm"]

1. d4 g6 2. Nf3 Bg7 3. Bf4 d6 4. e3 Nd7 5. Nbd2 Nh6 6. c3 e5 7. Bg5 f6 8. Bh4
Nf5 9. Qb3 Qe7 10. O-O-O e4 11. g4 Nxh4 12. Nxh4 f5 13. gxf5 Qxh4 14. Qe6+ Qe7
15. Nxe4 Nf8 16. Bb5+ Kd8 17. Qxe7+ Kxe7 18. fxg6 Bg4 19. f3 Bxf3 20. Rhf1 Bxe4
21. Rf7+ Kd8 22. Rdf1 Bxg6 23. Rxg7 Ne6 24. Rd7+ Kc8 25. Re7 Nd8 26. a4 a6 27.
Be2 Nc6 28. Bg4+ Kb8 29. Rg7 Re8 30. d5 Ne5 31. Be2 b6 32. Kd2 Kb7 33. b4 Rf8
34. c4 Rxf1 35. Bxf1 Rf8 0-1

[Event "Frankfurt Ch 2009"]
[Site "Ffm-Kalbach, LAZ"]
[Date "2009.04.27"]
[Round "1.35"]
[White "Benninger, Rudolf"]
[Black "Ebertz, Michael"]
[Result "1-0"]
[WhiteElo "2141"]
[BlackElo "1587"]
[PlyCount "65"]
[EventDate "2009.??.??"]
[WhiteTeam "SC Heusenstamm"]
[BlackTeam "SC 1952 Obertshausen"]

1. e4 c5 2. c3 d5 3. exd5 Qxd5 4. d4 Nf6 5. Nf3 Bg4 6. dxc5 Qxd1+ 7. Kxd1 e5 8.
b4 a5 9. Kc2 Bxf3 10. gxf3 axb4 11. cxb4 Nc6 12. Bb5 Nd5 13. Bd2 O-O-O 14. Bxc6
bxc6 15. a3 Be7 16. Nc3 f5 17. Nxd5 Rxd5 18. Bc3 Kd7 19. Rhd1 Ke6 20. Rxd5 Kxd5
21. Rd1+ Ke6 22. Re1 Bf6 23. Bxe5 Ra8 24. Bxf6+ Kxf6 25. Re3 g5 26. Rd3 Ke5 27.
Kb3 Kf4 28. a4 g4 29. fxg4 Kxg4 30. b5 cxb5 31. axb5 Ra1 32. c6 Rb1+ 33. Kc4
1-0

[Event "Frankfurt Ch 2009"]
[Site "Ffm-Kalbach, LAZ"]
[Date "2009.04.27"]
[Round "1.36"]
[White "Riha, Peter"]
[Black "Perlitz, Sven"]
[Result "0-1"]
[WhiteElo "1815"]
[BlackElo "2152"]
[PlyCount "96"]
[EventDate "2009.??.??"]
[WhiteTeam "SC Bergen-Enkheim 1922"]
[BlackTeam "SC 1961 König Nied"]

1. d4 Nf6 2. c4 g6 3. Nc3 d5 4. cxd5 Nxd5 5. e4 Nxc3 6. bxc3 Bg7 7. Nf3 c5 8.
Rb1 O-O 9. Be2 b6 10. O-O Qc7 11. Qb3 Nd7 12. Bg5 e6 13. e5 Re8 14. Nd2 Bb7 15.
Bf3 Bxf3 16. Nxf3 c4 17. Qc2 a6 18. Nd2 b5 19. Ne4 h6 20. Be3 Rf8 21. Qd2 Kh7
22. Bf4 Qd8 23. Rfe1 Nb6 24. Re3 g5 25. Bg3 Nd5 26. Re2 Ra7 27. Rf1 Rd7 28. f4
gxf4 29. Bxf4 Nxf4 30. Qxf4 b4 31. Nd6 f5 32. cxb4 Qb6 33. a3 c3 34. Rc2 Rxd6
35. exd6 Qxd4+ 36. Qxd4 Bxd4+ 37. Kh1 Rd8 38. g3 Kg6 39. Rd1 e5 40. d7 Kf6 41.
a4 Ke6 42. b5 axb5 43. axb5 Rxd7 44. Ra1 Kd5 45. Ra6 Ke4 46. b6 Kd3 47. Ra7
Rxa7 48. bxa7 Bxa7 0-1

[Event "Frankfurt Ch 2009"]
[Site "Ffm-Kalbach, LAZ"]
[Date "2009.04.27"]
[Round "1.37"]
[White "Barten, Stephan"]
[Black "Waschke, Thomas"]
[Result "0-1"]
[WhiteElo "1987"]
[BlackElo "1584"]
[PlyCount "64"]
[EventDate "2009.??.??"]
[WhiteTeam "Sfr. Frankfurt 1921"]
[BlackTeam "SC Bergen-Enkheim 1922"]

1. c4 e5 2. Nc3 Nf6 3. Nf3 Nc6 4. g3 d6 5. Bg2 Bd7 6. O-O Be7 7. d3 O-O 8. Rb1
a5 9. a3 Qc8 10. Re1 Nd4 11. Bg5 h6 12. Bxf6 Bxf6 13. Nxd4 exd4 14. Nd5 Bd8 15.
Qb3 Ra6 16. e3 c6 17. Nf4 Bb6 18. e4 Re8 19. Qc2 Ba7 20. Rbc1 Bc5 21. Qd2 Rb6
22. Rc2 a4 23. Bf3 Qc7 24. Nh5 Qd8 25. Nf4 Qf6 26. Qd1 Rb3 27. Nh5 Qg6 28. Be2
Bb6 29. f4 f5 30. Bf3 Ba5 31. Rf1 fxe4 32. Bxe4 Bf5 0-1

[Event "Frankfurt Ch 2009"]
[Site "Ffm-Kalbach, LAZ"]
[Date "2009.04.27"]
[Round "1.39"]
[White "Kolker, Vladislav"]
[Black "Sallwey, Rainer"]
[Result "1/2-1/2"]
[WhiteElo "2100"]
[BlackElo "1570"]
[PlyCount "80"]
[EventDate "2009.??.??"]
[WhiteTeam "Sfr.1891 Friedberg"]
[BlackTeam "SK Langen"]

1. e4 d5 2. exd5 Qxd5 3. Nc3 Qd6 4. d4 Nf6 5. g3 c6 6. Bg2 Bf5 7. Nf3 e6 8. O-O
h6 9. a3 Be7 10. Bf4 Qd8 11. Re1 O-O 12. Qe2 Bd6 13. Ne5 Nd5 14. Bd2 Nd7 15.
Nc4 Bc7 16. Ne3 Nxe3 17. Bxe3 Nf6 18. Na4 Bd6 19. c4 Re8 20. b4 a6 21. Red1 Qc7
22. Rac1 Qe7 23. Nc3 Rad8 24. Rd2 Bc7 25. Qd1 Ng4 26. Qb3 Nxe3 27. fxe3 Qg5 28.
Na4 Bb8 29. Nc5 Qe7 30. a4 Ba7 31. Nd3 Qg5 32. Ne5 Bxd4 33. Rxd4 Rxd4 34. Nf3
Rd3 35. Qxd3 Bxd3 36. Nxg5 hxg5 37. b5 axb5 38. cxb5 cxb5 39. axb5 Bxb5 40.
Bxb7 Bd3 1/2-1/2

[Event "Frankfurt Ch 2009"]
[Site "Ffm-Kalbach, LAZ"]
[Date "2009.04.27"]
[Round "1.40"]
[White "Schirmbeck, Markus"]
[Black "Graebner, Walter"]
[Result "0-1"]
[WhiteElo "1562"]
[BlackElo "2053"]
[PlyCount "60"]
[EventDate "2009.??.??"]
[WhiteTeam "SG Halle 1946/Künsebeck"]
[BlackTeam "SC 1961 König Nied"]

1. e4 c6 2. d4 d5 3. Nc3 dxe4 4. Nxe4 Bf5 5. Ng3 Bg6 6. Nf3 Nd7 7. Bd3 Bxd3 8.
Qxd3 e6 9. Bf4 Qa5+ 10. c3 Ngf6 11. Ne4 Nxe4 12. Qxe4 Nf6 13. Qc2 Qa6 14. a4
Be7 15. Be5 h6 16. O-O-O b5 17. axb5 Qxb5 18. Rhe1 O-O 19. Rd3 Qa6 20. h3 Rfd8
21. c4 c5 22. Ra3 Qc8 23. Rd3 Qc6 24. g4 Rac8 25. b3 cxd4 26. Nxd4 Qc5 27. f4
Qa5 28. Red1 Nd5 29. Kb1 Nb4 30. Qd2 f6 0-1

[Event "Frankfurt Ch 2009"]
[Site "Ffm-Kalbach, LAZ"]
[Date "2009.04.27"]
[Round "1.41"]
[White "Klyszcz, Michael"]
[Black "Schellen, Sven"]
[Result "1-0"]
[WhiteElo "2056"]
[BlackElo "1556"]
[PlyCount "77"]
[EventDate "2009.??.??"]
[WhiteTeam "SC Heusenstamm"]
[BlackTeam "Sfr. Frankfurt 1921"]

1. Nf3 Nf6 2. g3 g6 3. Bg2 Bg7 4. O-O O-O 5. c4 c6 6. Nc3 d5 7. cxd5 cxd5 8. d4
Nc6 9. a3 e6 10. b4 Ne4 11. Bb2 Nd6 12. e3 Nc4 13. Bc1 e5 14. Qb3 e4 15. Nd2
Nb6 16. a4 Be6 17. Rb1 Rc8 18. Ba3 Re8 19. Rfc1 Qg5 20. Nb5 Red8 21. h4 Qh6 22.
a5 a6 23. axb6 axb5 24. Qd1 Bf8 25. Bf1 g5 26. hxg5 Qxg5 27. Bxb5 Bd6 28. Nf1
Bg4 29. Be2 Bxe2 30. Qxe2 Bxb4 31. Bxb4 Nxd4 32. exd4 Rxc1 33. Bd2 Rxf1+ 34.
Kxf1 Qf6 35. Qg4+ Kf8 36. Rb5 Qxd4 37. Bb4+ Ke8 38. Qg8+ Kd7 39. Qxf7+ 1-0

[Event "Frankfurt Ch 2009"]
[Site "Ffm-Kalbach, LAZ"]
[Date "2009.04.27"]
[Round "1.42"]
[White "Kletzerman, Simon"]
[Black "Göbel, Andreas"]
[Result "0-1"]
[WhiteElo "1544"]
[BlackElo "2047"]
[PlyCount "96"]
[EventDate "2009.??.??"]
[WhiteTeam "TuS Makkabi Ffm"]
[BlackTeam "SC Brett vor'm Kopp Ffm"]

1. e4 c5 2. Nf3 d6 3. Be2 Nf6 4. Nc3 Nc6 5. O-O g6 6. d4 cxd4 7. Nxd4 Bg7 8.
Be3 O-O 9. Qd2 Bd7 10. f4 Nxd4 11. Bxd4 Bc6 12. Bd3 Qa5 13. f5 Qb4 14. Be3 Qxb2
15. Rab1 Qa3 16. Rb3 Qa5 17. Bh6 Qe5 18. Bf4 Qa5 19. Bh6 Bxh6 20. Qxh6 Qe5 21.
Rf4 Nh5 22. Rh4 Qg7 23. Qxg7+ Kxg7 24. g4 Nf6 25. g5 Nd7 26. Ne2 Nc5 27. Rb1 f6
28. Rg4 fxg5 29. Ng3 Kf6 30. h4 gxh4 31. Rxh4 gxf5 32. Nxf5 Nxd3 33. cxd3 d5
34. Nd4 Rg8+ 35. Kh2 Rg7 36. Rf1+ Ke5 37. Nf3+ Ke6 38. Nd4+ Kd7 39. e5 Rag8 40.
e6+ Kc7 41. a3 Rg2+ 42. Kh1 R2g4 43. Rxg4 Rxg4 44. Nxc6 Kxc6 45. Rf7 Kd6 46.
Rxh7 Kxe6 47. Kh2 b6 48. Rh8 Ra4 0-1

[Event "Frankfurt Ch 2009"]
[Site "Ffm-Kalbach, LAZ"]
[Date "2009.04.27"]
[Round "1.43"]
[White "Orwatsch, Gerhard"]
[Black "Wilhelm, Andreas"]
[Result "1-0"]
[WhiteElo "2080"]
[BlackElo "1541"]
[PlyCount "71"]
[EventDate "2009.??.??"]
[WhiteTeam "SK 1858 Gießen"]
[BlackTeam "SC 1933 Somborn"]

1. d4 Nf6 2. Bf4 g6 3. e3 Bg7 4. Nd2 d5 5. Ngf3 O-O 6. Bd3 b6 7. Qe2 c5 8. c3
a5 9. O-O Ba6 10. Bxa6 Nxa6 11. Qb5 Nd7 12. Rfe1 e6 13. Rad1 Nc7 14. Qa4 Qc8
15. Ne5 b5 16. Qc2 Nxe5 17. Bxe5 c4 18. Bxg7 Kxg7 19. e4 Qd7 20. e5 f6 21.
exf6+ Rxf6 22. Nf3 Raf8 23. Ne5 Qd6 24. f3 Na6 25. Re2 Nb8 26. Rde1 Re8 27. Qd2
Rf5 28. Ng4 g5 29. Re5 Rxe5 30. Rxe5 Re7 31. Qxg5+ Kf8 32. Nh6 Ke8 33. Qg8+ Kd7
34. Nf5 Qb6 35. Nxe7 Kxe7 36. Qxh7+ 1-0

[Event "Frankfurt Ch 2009"]
[Site "Ffm-Kalbach, LAZ"]
[Date "2009.04.27"]
[Round "1.44"]
[White "Dages, Rolf Hermann"]
[Black "Ochmann, Reimund"]
[Result "0-1"]
[WhiteElo "1537"]
[BlackElo "2119"]
[PlyCount "76"]
[EventDate "2009.??.??"]
[WhiteTeam "SC Eschborn 1974"]
[BlackTeam "SK Langen"]

1. f4 d5 2. e3 Nf6 3. d4 c5 4. b3 cxd4 5. exd4 Nc6 6. Nf3 e6 7. Bd3 Bd6 8. O-O
O-O 9. Be3 h6 10. Nbd2 Ng4 11. Qe1 Qc7 12. Ne5 Nxe3 13. Qxe3 Nxd4 14. c3 Nc2
15. Qg3 Nxa1 16. Rxa1 f5 17. Rc1 Bd7 18. Ndf3 Be8 19. c4 Rc8 20. Kh1 Bh5 21.
Rc2 Bxf3 22. gxf3 Bxe5 23. fxe5 d4 24. Rg2 Rcd8 25. Qg6 Qxe5 26. f4 Qf6 27. Qh5
Kh7 28. c5 a5 29. a3 Rde8 30. Qf3 Re7 31. b4 axb4 32. axb4 Ra8 33. Rg1 Ra2 34.
Qg3 Rb2 35. b5 Rc7 36. c6 bxc6 37. bxc6 Rxc6 38. Bxf5+ exf5 0-1

[Event "Frankfurt Ch 2009"]
[Site "Ffm-Kalbach, LAZ"]
[Date "2009.04.27"]
[Round "1.45"]
[White "Hierling, Stefan"]
[Black "Grunenberg, Sven"]
[Result "1-0"]
[WhiteElo "2045"]
[BlackElo "1508"]
[PlyCount "69"]
[EventDate "2009.??.??"]
[WhiteTeam "SK 1927 Dieburg"]
[BlackTeam "SC Bad Nauheim"]

1. e4 c6 2. Nc3 g6 3. d4 d5 4. exd5 cxd5 5. Bb5+ Bd7 6. Bxd7+ Qxd7 7. Nf3 Nc6
8. O-O Bg7 9. Be3 Nf6 10. h3 O-O 11. Ne5 Qc8 12. Rc1 a6 13. a3 e6 14. Nd3 Nd7
15. Ne2 Qd8 16. f4 h5 17. c3 Rc8 18. Rc2 Ne7 19. Kh1 Nf5 20. Bc1 Qh4 21. Kh2
Kh7 22. Ne5 Nxe5 23. fxe5 Bh6 24. Qd3 Bxc1 25. Rcxc1 Nh6 26. g3 Qg5 27. Rf3 Rc7
28. Rcf1 Rg8 29. Nf4 Qf5 30. Qe2 Qg5 31. Qd3 Qf5 32. Nxd5 Qxd3 33. Nf6+ Kg7 34.
Rxd3 Nf5 35. Nxg8 1-0

[Event "Frankfurt Ch 2009"]
[Site "Ffm-Kalbach, LAZ"]
[Date "2009.04.27"]
[Round "1.46"]
[White "Herwig-Päutz, Martin"]
[Black "Schöne, Matthias"]
[Result "0-1"]
[WhiteElo "1506"]
[BlackElo "2035"]
[PlyCount "104"]
[EventDate "2009.??.??"]
[WhiteTeam "SC Nidderau"]
[BlackTeam "SC Bad Nauheim"]

1. e4 e6 2. d4 d5 3. e5 c5 4. c3 Nc6 5. Bb5 Qb6 6. Bxc6+ bxc6 7. Ne2 Nh6 8. O-O
Nf5 9. Ng3 Be7 10. Nxf5 exf5 11. Na3 cxd4 12. cxd4 O-O 13. Nc2 Be6 14. b3 Qa5
15. Bd2 Qb6 16. f4 c5 17. Be3 Rfc8 18. Rf3 a5 19. Rh3 g6 20. Rc1 c4 21. Ne1 Ba3
22. Rc3 Bb4 23. Rc2 Qb5 24. Nf3 a4 25. Ng5 axb3 26. axb3 h5 27. Rg3 Qd7 28.
Nxe6 Qxe6 29. Qxh5 Ra1+ 30. Rc1 Rxc1+ 31. Bxc1 Be1 32. Rg5 cxb3 33. Qd1 Bh4 34.
g3 Bxg5 35. fxg5 Qc6 36. Ba3 Qc2 37. Qe1 b2 38. Bxb2 Qxb2 39. h4 Rc1 40. Qxc1
Qxc1+ 41. Kf2 Qd2+ 42. Kf3 Qxd4 43. h5 gxh5 44. g6 fxg6 45. e6 Qe4+ 46. Kf2 d4
47. g4 Qe3+ 48. Kg2 d3 49. gxf5 d2 50. e7 d1=Q 51. e8=Q+ Qxe8 52. fxg6 Qg4+ 0-1

[Event "Frankfurt Ch 2009"]
[Site "Ffm-Kalbach, LAZ"]
[Date "2009.04.27"]
[Round "1.47"]
[White "Biegel, Thomas"]
[Black "Kirschner, Matthias"]
[Result "1-0"]
[WhiteElo "2017"]
[BlackElo "1719"]
[PlyCount "83"]
[EventDate "2009.??.??"]
[WhiteTeam "SC Eschborn 1974"]
[BlackTeam "SV 1997 Nauheim"]

1. d4 d6 2. g3 e5 3. c3 Be7 4. Bg2 Nf6 5. dxe5 dxe5 6. Qb3 c6 7. Nf3 Nbd7 8.
O-O O-O 9. a4 Nc5 10. Qc2 Qc7 11. b4 Ne6 12. Nbd2 Rd8 13. Nc4 Bd6 14. a5 Bd7
15. Be3 Ng4 16. Bb6 axb6 17. axb6 Qb8 18. Rxa8 Qxa8 19. Nxd6 Qb8 20. Nc4 f6 21.
Bh3 Nh6 22. Qa2 Kf8 23. Ncxe5 fxe5 24. Bxe6 Qd6 25. Bxd7 Rxd7 26. Qc4 Nf7 27.
Ra1 h6 28. Nh4 Qf6 29. Qg4 Qd8 30. Ng6+ Ke8 31. Qe6+ Re7 32. Nxe7 Qxe7 33. Ra8+
Nd8 34. Qxe7+ Kxe7 35. Kg2 Kd7 36. Kf3 Nf7 37. Ke4 Ke6 38. Kd3 Nd6 39. e4 Kd7
40. c4 Nc8 41. c5 Ne7 42. Rb8 1-0

[Event "Frankfurt Ch 2009"]
[Site "Ffm-Kalbach, LAZ"]
[Date "2009.04.27"]
[Round "1.48"]
[White "Knott, Tilo"]
[Black "Faqiry, Ramat"]
[Result "0-1"]
[WhiteElo "1498"]
[BlackElo "1974"]
[PlyCount "64"]
[EventDate "2009.??.??"]
[WhiteTeam "SC Brett vor'm Kopp Ffm"]
[BlackTeam "SK Bad Homburg 1927"]

1. d4 Nf6 2. Nc3 e6 3. Nf3 b6 4. Bg5 Bb7 5. e3 h6 6. Bh4 Be7 7. Bd3 d5 8. O-O
Ne4 9. Bg3 Nd7 10. Ne2 O-O 11. c3 f5 12. Nf4 Rf6 13. Nh5 Rf8 14. Nf4 Kf7 15.
Bxe4 fxe4 16. Ne5+ Nxe5 17. dxe5 Bc8 18. Qh5+ Kg8 19. Qg6 Qe8 20. Qxe8 Rxe8 21.
f3 Bc5 22. Rae1 exf3 23. Rxf3 Bd7 24. b4 Be7 25. Ref1 Kh7 26. Nh3 c5 27. a3 a5
28. Rf7 axb4 29. axb4 cxb4 30. cxb4 Bb5 31. Rb1 Bd3 32. Rb2 Ra1+ 0-1

[Event "Frankfurt Ch 2009"]
[Site "Ffm-Kalbach, LAZ"]
[Date "2009.04.27"]
[Round "1.49"]
[White "Krüger, Till"]
[Black "Steiz, Johann"]
[Result "0-1"]
[WhiteElo "2063"]
[BlackElo "1497"]
[PlyCount "96"]
[EventDate "2009.??.??"]
[WhiteTeam "SC Nidderau"]
[BlackTeam "ESV Grossenbaum e.V. 1973"]

1. e4 c5 2. Nf3 d6 3. c3 Nf6 4. Bb5+ Bd7 5. Bxd7+ Qxd7 6. Qe2 e5 7. O-O Nc6 8.
a4 Be7 9. Na3 O-O 10. Nc4 b6 11. d3 h6 12. h3 Rab8 13. Nh4 Nxe4 14. Qxe4 d5 15.
Qf5 Qxf5 16. Nxf5 dxc4 17. Nxe7+ Nxe7 18. dxc4 Nc6 19. Rd1 Na5 20. Rd5 Nxc4 21.
b3 Na5 22. Rb1 f6 23. b4 cxb4 24. cxb4 Nc4 25. Rd7 Rf7 26. Rd5 Kf8 27. Rb3 Ke8
28. Rc3 Rc8 29. Rcd3 Rfc7 30. f3 Ke7 31. b5 Ke6 32. Kf2 Re8 33. h4 Ree7 34. f4
Red7 35. f5+ Ke7 36. Rxd7+ Rxd7 37. Rc3 Rd4 38. g3 h5 39. Ke2 Kd6 40. Rc2 Kd5
41. Rc3 Ke4 42. Rf3 Nd6 43. Ba3 Nxf5 44. Rc3 Rxa4 45. Bf8 Ra2+ 46. Ke1 Ne3 47.
Bxg7 f5 48. Rb3 Kf3 0-1

[Event "Frankfurt Ch 2009"]
[Site "Ffm-Kalbach, LAZ"]
[Date "2009.04.27"]
[Round "1.50"]
[White "Aadland, Hans Joachim"]
[Black "Pauly, Markus"]
[Result "1/2-1/2"]
[WhiteElo "1493"]
[BlackElo "1883"]
[PlyCount "59"]
[EventDate "2009.??.??"]
[WhiteTeam "SC Bergen-Enkheim 1922"]
[BlackTeam "Köspr.Bernkastel"]

1. e4 c5 2. Nc3 a6 3. f4 b5 4. Nf3 Bb7 5. d3 e6 6. f5 b4 7. Ne2 d5 8. fxe6 fxe6
9. Ng5 Qf6 10. Ng3 h6 11. Nf3 Nd7 12. Be2 Bd6 13. Rf1 Bxg3+ 14. hxg3 Qg6 15.
Bf4 O-O-O 16. exd5 exd5 17. Qd2 Qe6 18. d4 g5 19. Be5 Nxe5 20. Nxe5 Nf6 21. c3
Kb8 22. O-O-O Ne4 23. Qd3 c4 24. Qe3 Rh7 25. Bg4 Qb6 26. Bf5 bxc3 27. bxc3 Re7
28. Kc2 Rxe5 29. Rb1 Qa5 30. dxe5 1/2-1/2

[Event "Frankfurt Ch 2009"]
[Site "Ffm-Kalbach, LAZ"]
[Date "2009.04.27"]
[Round "1.51"]
[White "Goldt, Rainer"]
[Black "Mager, Denis"]
[Result "0-1"]
[WhiteElo "1883"]
[BlackElo "1467"]
[PlyCount "78"]
[EventDate "2009.??.??"]
[WhiteTeam "Kreuznacher SV 1921 e.V."]
[BlackTeam "TuS Makkabi Ffm"]

1. d4 Nf6 2. Nc3 e6 3. e4 d5 4. Bg5 Be7 5. e5 Nfd7 6. Bxe7 Qxe7 7. f4 c5 8. Nf3
a6 9. Be2 Nc6 10. dxc5 Qxc5 11. Qd2 b5 12. a3 Bb7 13. Rd1 O-O-O 14. Ng5 Rdf8
15. Nce4 Qb6 16. Nd6+ Kb8 17. Ngxf7 Rxf7 18. Nxf7 Nc5 19. Bf3 Rf8 20. Nd6 g5
21. Nxb7 Kxb7 22. b4 Na4 23. c4 bxc4 24. Qc2 Qe3+ 25. Qe2 Qc3+ 26. Qd2 Rxf4 27.
O-O Qxd2 28. Rxd2 c3 29. Rc2 Nd4 30. Rcc1 Nb3 31. Rc2 Nd4 32. Rcc1 Nxf3+ 33.
gxf3 d4 34. Rfd1 Nb2 35. Rf1 Nd3 36. Rc2 Nxe5 37. Kg2 Nc4 38. Re1 d3 39. Re4
Rxe4 0-1

[Event "Frankfurt Ch 2009"]
[Site "Ffm-Kalbach, LAZ"]
[Date "2009.04.27"]
[Round "1.52"]
[White "Lopez-Fuertes, Victor"]
[Black "Cors, Heinz-Friedrich"]
[Result "0-1"]
[WhiteElo "1448"]
[BlackElo "1984"]
[PlyCount "86"]
[EventDate "2009.??.??"]
[WhiteTeam "SC 1910 Höchst"]
[BlackTeam "SV Schachforum Darmstadt 1994"]

1. e4 e5 2. Nf3 Nc6 3. d4 exd4 4. Nxd4 Nf6 5. Nc3 Bb4 6. Nxc6 bxc6 7. Bd3 O-O
8. O-O d5 9. exd5 cxd5 10. Bg5 c6 11. Qf3 Be7 12. Rfe1 Be6 13. Bf5 Nd7 14. Bxe7
Qxe7 15. Qh3 Bxf5 16. Qxf5 Qd6 17. Re3 Rae8 18. Rae1 Rxe3 19. Rxe3 d4 20. Rd3
c5 21. Ne4 Qe7 22. c4 Re8 23. f3 Ne5 24. Rd1 Rd8 25. b3 Nd7 26. Qg5 Qxg5 27.
Nxg5 Re8 28. Kf2 h6 29. Ne4 g6 30. Re1 f5 31. Nf6+ Nxf6 32. Rxe8+ Nxe8 33. Ke2
Kf7 34. Kd3 a5 35. a3 Ke7 36. b4 axb4 37. axb4 Kd6 38. g4 fxg4 39. fxg4 g5 40.
b5 Nf6 41. h3 Nd7 42. Ke4 Nb6 43. Kd3 Ke5 0-1

[Event "Frankfurt Ch 2009"]
[Site "Ffm-Kalbach, LAZ"]
[Date "2009.04.27"]
[Round "1.53"]
[White "Funkschmidt, Kai Michael"]
[Black "Witt, Holger"]
[Result "1-0"]
[WhiteElo "1871"]
[BlackElo "1555"]
[PlyCount "71"]
[EventDate "2009.??.??"]
[WhiteTeam "SC Empor Maulwurf Bonn"]
[BlackTeam "SC 1934 Viernheim"]

1. c4 Nf6 2. Nc3 e6 3. e4 d6 4. g3 c5 5. Bg2 Nc6 6. d3 Be7 7. f4 a6 8. Nge2 Qc7
9. O-O O-O 10. f5 Rb8 11. Nf4 Nd4 12. g4 e5 13. Nfe2 Nxg4 14. Nxd4 Nxh2 15.
Ndb5 axb5 16. Nxb5 Qd8 17. Kxh2 Bg5 18. Qg4 Bxc1 19. Raxc1 b6 20. Rce1 Qf6 21.
Re3 Qh6+ 22. Rh3 Qd2 23. Nxd6 Bd7 24. Qh4 h6 25. Rf2 Qc1 26. Qe7 Ba4 27. b3
Bxb3 28. axb3 Ra8 29. Qxe5 Qg5 30. Bf3 f6 31. Qg3 Qc1 32. e5 Ra7 33. Bd5+ Kh8
34. e6 Ra1 35. Nf7+ Rxf7 36. exf7 1-0